[Event "CHN-ch"]
[Site "Xinghua"]
[Date "2025.06.27"]
[Round "5"]
[White "Lin, Weiguo"]
[Black "Zhang, Ziji"]
[Result "1/2-1/2"]
[WhiteElo "2374"]
[BlackElo "2361"]
[PlyCount "110"]
[EventDate "2025.06.23"]
[EventType "swiss"]
[EventRounds "11"]
[EventCountry "CHN"]
[SourceTitle "CB28_2025"]
[SourceDate "2025.07.09"]
[SourceVersion "1"]
[SourceVersionDate "2025.07.09"]
[SourceQuality "1"]

1. d4 d5 2. c4 c6 3. Nf3 Nf6 4. Nc3 dxc4 5. a4 e6 6. e3 c5 7. Bxc4 Nc6 8. 0-0 cxd4 9. Nxd4 Bd7 10. Nf3 a6 11. e4 Qc7 12. Bg5 Bd6 13. Rc1 Ng4 14. h3 h6 15. Bd2 Nf6 16. Ba2 0-0 17. Qe2 Qb8 18. Rfe1 Ne5 19. Nxe5 Bxe5 20. f4 Bxf4 21. e5 Bxd2 22. Qxd2 Nd5 23. Nxd5 exd5 24. Bxd5 Qa7+ 25. Qe3 Qxe3+ 26. Rxe3 Bxa4 27. Rc7 Bc6 28. Bb3 Rad8 29. e6 fxe6 30. Rg3 g5 31. h4 Rf6 32. hxg5 Rg6 33. Re3 Kh8 34. Rh3 Rd2 35. Rxh6+ Rxh6 36. gxh6 Rxg2+ 37. Kf1 Rh2 38. Bxe6 Rxh6 39. Bc4 a5 40. b3 Rh7 41. Rxh7+ Kxh7 42. Ke1 Kg6 43. Kd2 Kf6 44. Kc3 Ke5 45. Be2 Bd5 46. Bf1 Kd6 47. Be2 Kc5 48. Bf1 Bc6 49. Be2 Bb5 50. Bf3 b6 51. Bg4 Bf1 52. Bd7 Bg2 53. Be8 Bc6 54. Bg6 b5 55. b4+ axb4+ 1/2-1/2

[Event "CHN-ch"]
[Site "Xinghua"]
[Date "2025.06.25"]
[Round "3"]
[White "Lin, Weiguo"]
[Black "Cheng, Gongpu"]
[Result "1-0"]
[WhiteElo "2374"]
[BlackElo "1845"]
[PlyCount "103"]
[EventDate "2025.06.23"]
[EventType "swiss"]
[EventRounds "11"]
[EventCountry "CHN"]
[SourceTitle "CB28_2025"]
[SourceDate "2025.07.09"]
[SourceVersion "1"]
[SourceVersionDate "2025.07.09"]
[SourceQuality "1"]

1. Nf3 Nf6 2. c4 g6 3. Nc3 d5 4. cxd5 Nxd5 5. Qb3 Nb6 6. d4 Bg7 7. Bf4 0-0 8. Rd1 c6 9. e3 Be6 10. Qc2 Nd5 11. Nxd5 Qxd5 12. b3 h6 13. Bc4 Qa5+ 14. Qd2 Qxd2+ 15. Nxd2 g5 16. Bg3 Bd5 17. h4 g4 18. e4 Bxc4 19. Nxc4 Rd8 20. Be5 Bxe5 21. Nxe5 h5 22. Ke2 Nd7 23. Nd3 Kg7 24. f3 Nf6 25. Ke3 e6 26. Rhf1 gxf3 27. gxf3 Kf8 28. Rg1 Ke7 29. Rg5 Rg8 30. Rh1 Rh8 31. Rhg1 Rh7 32. Nf4 Rah8 33. Ra5 a6 34. Rag5 Ne8 35. a4 Rh6 36. Rc1 Nf6 37. a5 R6h7 38. Rc4 Kd8 39. Nd3 Nd7 40. Rc2 Ke7 41. Rcg2 Kf8 42. b4 f6 43. Rg6 Kf7 44. e5 fxe5 45. Nxe5+ Nxe5 46. dxe5 Re8 47. Ke4 Kf8 48. f4 Kf7 49. Rf6+ Ke7 50. Rd2 Rf8 51. Rxf8 Kxf8 52. Rd8+ 1-0

[Event "CHN-ch"]
[Site "Xinghua"]
[Date "2025.06.23"]
[Round "1"]
[White "Lin, Weiguo"]
[Black "Tao, Qibing"]
[Result "1/2-1/2"]
[WhiteElo "2374"]
[BlackElo "1830"]
[PlyCount "93"]
[EventDate "2025.06.23"]
[EventType "swiss"]
[EventRounds "11"]
[EventCountry "CHN"]
[SourceTitle "CB28_2025"]
[SourceDate "2025.07.09"]
[SourceVersion "1"]
[SourceVersionDate "2025.07.09"]
[SourceQuality "1"]

1. d4 Nf6 2. Nf3 c5 3. d5 e6 4. Nc3 d6 5. e4 a6 6. a4 exd5 7. exd5 Be7 8. h3 Bf5 9. Bd3 Bg6 10. 0-0 0-0 11. Re1 Nbd7 12. Bf4 Re8 13. Bxg6 hxg6 14. Nd2 Bf8 15. Rxe8 Nxe8 16. a5 b5 17. axb6 Nxb6 18. Qe2 Nc7 19. Qd3 Qf6 20. Bg3 Qf5 21. Nde4 Ncxd5 22. Nxd6 Qxd3 23. cxd3 Nb4 24. Nc4 N6d5 25. Nxd5 Nxd5 26. Ra3 Nb4 27. Bc7 Ra7 28. Ba5 Rd7 29. Bxb4 cxb4 30. Rxa6 Rxd3 31. Kf1 Rd4 32. Rc6 Be7 33. Ke2 Bf6 34. Rc8+ Kh7 35. b3 Rd7 36. Rb8 Bc3 37. f4 f6 38. h4 Re7+ 39. Kf3 Rd7 40. g4 Rd3+ 41. Ke2 Rd7 42. Re8 Rd4 43. Kf3 Rd3+ 44. Ke2 Rd4 45. Kf3 Rd3+ 46. Ke2 Rd4 47. Kf3 1/2-1/2

[Event "CHN-chT"]
[Site "Hebei"]
[Date "2025.05.02"]
[Round "8.29"]
[White "Lin, Weiguo"]
[Black "Ma, Ling"]
[Result "0-1"]
[WhiteElo "2382"]
[BlackElo "2221"]
[PlyCount "78"]
[EventDate "2025.04.25"]
[EventType "team-swiss"]
[EventRounds "9"]
[EventCountry "CHN"]
[SourceTitle "CB20_2025"]
[SourceDate "2025.05.14"]
[SourceVersion "1"]
[SourceVersionDate "2025.05.14"]
[SourceQuality "1"]
[WhiteTeam "Hubei"]
[BlackTeam "Jiangxi"]
[WhiteTeamCountry "CHN"]
[BlackTeamCountry "CHN"]

1. c4 e5 2. Nc3 Bb4 3. Nf3 Bxc3 4. bxc3 d6 5. g3 Ne7 6. Bg2 Nbc6 7. 0-0 0-0 8. a4 Be6 9. d3 b6 10. Ng5 Bd7 11. f4 h6 12. Nf3 Rb8 13. fxe5 Nxe5 14. Nxe5 dxe5 15. a5 Bc6 16. e4 f5 17. Ba3 fxe4 18. Qh5 Rxf1+ 19. Rxf1 Qe8 20. Qh3 Ng6 21. dxe4 bxa5 22. Bf3 Rb3 23. Bc5 Bd7 24. Qg2 Rxc3 25. Bh5 Qe6 26. Qd2 Rxc4 27. Bxa7 Bc6 28. Qa2 Bxe4 29. Bg4 Qa6 30. Be2 Bd5 31. Bf2 Qe6 32. Qxa5 Rc2 33. Bd3 Nf4 34. gxf4 Qg4+ 35. Bg3 Rg2+ 36. Kh1 Bf3 37. Bc4+ Kh8 38. Bd5 Rxh2+ 39. Kxh2 Qh5+ 0-1

[Event "CHN-chT"]
[Site "Hebei"]
[Date "2025.04.30"]
[Round "6.25"]
[White "Chen, Qi B"]
[Black "Lin, Weiguo"]
[Result "1-0"]
[WhiteElo "2482"]
[BlackElo "2382"]
[PlyCount "87"]
[EventDate "2025.04.25"]
[EventType "team-swiss"]
[EventRounds "9"]
[EventCountry "CHN"]
[SourceTitle "CB20_2025"]
[SourceDate "2025.05.14"]
[SourceVersion "1"]
[SourceVersionDate "2025.05.14"]
[SourceQuality "1"]
[WhiteTeam "Jiangsu"]
[BlackTeam "Hubei"]
[WhiteTeamCountry "CHN"]
[BlackTeamCountry "CHN"]

1. e4 c5 2. Nf3 e6 3. d4 cxd4 4. Nxd4 Nc6 5. Bf4 d6 6. Bb5 Bd7 7. Nxc6 bxc6 8. Bd3 e5 9. Bd2 Nf6 10. c4 Be7 11. 0-0 0-0 12. Nc3 Be6 13. Re1 a5 14. Qc2 Nd7 15. Rad1 Nc5 16. b3 Bd7 17. Be3 Qc7 18. Bf1 Rab8 19. Qc1 Be6 20. h3 Rfe8 21. Re2 Bf8 22. Red2 h6 23. g3 Bc8 24. Bg2 Ne6 25. f4 exf4 26. gxf4 Qe7 27. f5 Nc5 28. Bf4 Qa7 29. Kh1 a4 30. bxa4 Rb4 31. Bxd6 Rxc4 32. Bxf8 Rxf8 33. f6 Qa5 34. fxg7 Kxg7 35. Rc2 Kh7 36. Bf1 Rxc3 37. Rxc3 Nxe4 38. Bd3 Bf5 39. Qf4 Bg6 40. Rcc1 Re8 41. Kh2 Qxa4 42. Rc2 Qa3 43. Rg2 f5 44. Bxe4 1-0

[Event "CHN-chT"]
[Site "Hebei"]
[Date "2025.04.28"]
[Round "4.1"]
[White "Zhao, Jun"]
[Black "Lin, Weiguo"]
[Result "1-0"]
[WhiteElo "2532"]
[BlackElo "2382"]
[PlyCount "61"]
[EventDate "2025.04.25"]
[EventType "team-swiss"]
[EventRounds "9"]
[EventCountry "CHN"]
[SourceTitle "CB20_2025"]
[SourceDate "2025.05.14"]
[SourceVersion "1"]
[SourceVersionDate "2025.05.14"]
[SourceQuality "1"]
[WhiteTeam "Shandong"]
[BlackTeam "Hubei"]
[WhiteTeamCountry "CHN"]
[BlackTeamCountry "CHN"]

1. e4 c5 2. Nf3 e6 3. d4 cxd4 4. Nxd4 Nc6 5. Be2 Nf6 6. Nc3 Bb4 7. 0-0 0-0 8. Nxc6 dxc6 9. e5 Bxc3 10. bxc3 Qxd1 11. Rxd1 Nd5 12. Bd2 b6 13. c4 Ne7 14. c5 Bb7 15. Rab1 b5 16. Ba5 Ng6 17. c4 Ba6 18. cxb5 Bxb5 19. Bxb5 cxb5 20. c6 Nxe5 21. c7 Nc6 22. Rxb5 a6 23. Rc5 Nxa5 24. Rxa5 g6 25. Rd7 Kg7 26. g4 h6 27. h4 Rfc8 28. Ra3 e5 29. Rf3 Rf8 30. g5 hxg5 31. hxg5 1-0

[Event "CHN-chT"]
[Site "Hangzhou"]
[Date "2023.05.27"]
[Round "9.1"]
[White "Lin, Weiguo"]
[Black "Lan, Zilun"]
[Result "1-0"]
[WhiteElo "2384"]
[BlackElo "2291"]
[PlyCount "31"]
[EventDate "2023.05.19"]
[EventType "team-swiss"]
[EventRounds "9"]
[EventCountry "CHN"]
[SourceTitle "CBM 214 Extra"]
[Source "ChessBase"]
[SourceDate "2023.07.31"]
[SourceVersion "1"]
[SourceVersionDate "2023.07.31"]
[SourceQuality "1"]
[WhiteTeam "Hubei"]
[BlackTeam "Zhejiang"]
[WhiteTeamCountry "CHN"]
[BlackTeamCountry "CHN"]

1. d4 Nf6 2. c4 e6 3. Nf3 d5 4. Nc3 c5 5. e3 Nc6 6. a3 cxd4 7. exd4 Be7 8. Bd3 dxc4 9. Bxc4 a6 10. 0-0 b5 11. Ba2 0-0 12. d5 exd5 13. Nxd5 Nxd5 14. Bxd5 Bb7 15. Ne5 Qd6 16. Bxc6 1-0

[Event "CHN-chT"]
[Site "Hangzhou"]
[Date "2023.05.23"]
[Round "5.1"]
[White "Yuan, Qingyu"]
[Black "Lin, Weiguo"]
[Result "1-0"]
[WhiteElo "2373"]
[BlackElo "2384"]
[PlyCount "93"]
[EventDate "2023.05.19"]
[EventType "team-swiss"]
[EventRounds "9"]
[EventCountry "CHN"]
[SourceTitle "CBM 214 Extra"]
[Source "ChessBase"]
[SourceDate "2023.07.31"]
[SourceVersion "1"]
[SourceVersionDate "2023.07.31"]
[SourceQuality "1"]
[WhiteTeam "Ningbo"]
[BlackTeam "Hubei"]
[WhiteTeamCountry "CHN"]
[BlackTeamCountry "CHN"]

1. e4 c5 2. Nf3 e6 3. c3 d5 4. exd5 Qxd5 5. d4 Nf6 6. Na3 a6 7. Nc4 Nbd7 8. a4 cxd4 9. Nxd4 Bc5 10. Ne3 Qd6 11. Be2 0-0 12. 0-0 Bxd4 13. cxd4 Nb6 14. b3 Rd8 15. Ba3 Qd7 16. Bf3 Nbd5 17. a5 Qc7 18. Nc4 Bd7 19. Bd6 Qc8 20. Be5 Bb5 21. Rc1 Qd7 22. Re1 Rac8 23. Qd2 Bxc4 24. bxc4 Ne7 25. Red1 Ne8 26. Qb2 Nc6 27. Qb6 f6 28. Bf4 Nxd4 29. Bxb7 Rxc4 30. Rb1 Nc7 31. Bxc7 Rxc7 32. Bxa6 Rc6 33. Qb7 Rd6 34. Kf1 Qe8 35. Bc4 Qh5 36. a6 Qxh2 37. g3 Nc6 38. Bxe6+ Kh8 39. Qxc6 Rxd1+ 40. Rxd1 Rxd1+ 41. Ke2 Rd8 42. Bd5 Qh5+ 43. Bf3 Qe5+ 44. Kf1 g5 45. Kg2 g4 46. Bxg4 Qe7 47. a7 1-0

[Event "CHN-chT"]
[Site "Liaocheng"]
[Date "2021.10.28"]
[Round "9.3"]
[White "Lin, Weiguo"]
[Black "Zhang, Qianyi"]
[Result "1-0"]
[WhiteElo "2371"]
[BlackElo "1784"]
[PlyCount "103"]
[EventDate "2021.10.20"]
[EventType "team-swiss"]
[EventRounds "9"]
[EventCountry "CHN"]
[SourceTitle "CBM 204 Extra"]
[Source "ChessBase"]
[SourceDate "2021.11.30"]
[SourceVersion "1"]
[SourceVersionDate "2021.11.30"]
[SourceQuality "1"]
[WhiteTeam "Hubei"]
[BlackTeam "Wuxi"]
[WhiteTeamCountry "CHN"]
[BlackTeamCountry "CHN"]

1. d4 Nf6 2. c4 g6 3. Nc3 Bg7 4. e4 d6 5. Nf3 0-0 6. h3 e5 7. dxe5 dxe5 8. Qxd8 Rxd8 9. Nd5 Nxd5 10. cxd5 c6 11. Bc4 cxd5 12. Bxd5 h6 13. Be3 Nc6 14. 0-0-0 Be6 15. Bxe6 fxe6 16. Rxd8+ Rxd8 17. Rd1 Rxd1+ 18. Kxd1 Kf7 19. a4 Bf8 20. Kc2 a6 21. Bb6 Bb4 22. Kb3 Kf6 23. Kc4 Bd6 24. Ne1 Nb8 25. Nd3 Nd7 26. Be3 h5 27. b4 b6 28. g3 Ke7 29. f3 Kd8 30. Bg5+ Be7 31. Be3 Kc7 32. b5 a5 33. g4 Bd6 34. gxh5 gxh5 35. Nc1 Nc5 36. Bxc5 Bxc5 37. Nd3 Bd4 38. Nf4 Kd6 39. Nxh5 Be3 40. Nf6 Bg5 41. Ng4 Bh4 42. Ne3 Ke7 43. Kd3 Kd6 44. Kc4 Ke7 45. Nd1 Kf6 46. Kd3 Ke7 47. Nb2 Kd6 48. Kc4 Bg3 49. Kc3 Kc5 50. Nd3+ Kd6 51. Kd2 Bh4 52. Ke2 1-0

[Event "CHN-chT"]
[Site "Liaocheng"]
[Date "2021.10.27"]
[Round "8.3"]
[White "Chen, Yuan1"]
[Black "Lin, Weiguo"]
[Result "1/2-1/2"]
[WhiteElo "2150"]
[BlackElo "2371"]
[PlyCount "139"]
[EventDate "2021.10.20"]
[EventType "team-swiss"]
[EventRounds "9"]
[EventCountry "CHN"]
[SourceTitle "CBM 204 Extra"]
[Source "ChessBase"]
[SourceDate "2021.11.30"]
[SourceVersion "1"]
[SourceVersionDate "2021.11.30"]
[SourceQuality "1"]
[WhiteTeam "Zhejiang"]
[BlackTeam "Hubei"]
[WhiteTeamCountry "CHN"]
[BlackTeamCountry "CHN"]

1. c4 Nf6 2. Nc3 d5 3. cxd5 Nxd5 4. e4 Nxc3 5. bxc3 e6 6. Nf3 c5 7. Be2 Be7 8. 0-0 0-0 9. d4 b6 10. Bb2 Bb7 11. Bd3 Nd7 12. Qe2 Qc7 13. Rfe1 Rfc8 14. Rad1 Nf8 15. h4 a5 16. Bb1 cxd4 17. cxd4 Bb4 18. Rc1 Qf4 19. g3 Qg4 20. Ne5 Qxe2 21. Rxe2 Rxc1+ 22. Bxc1 Rc8 23. Bb2 f6 24. Nd3 Be7 25. f3 Ba6 26. Re1 Nd7 27. Rc1 Rxc1+ 28. Bxc1 Kf7 29. Bd2 e5 30. dxe5 Nxe5 31. Nxe5+ fxe5 32. Kf2 Bc4 33. h5 h6 34. f4 Bd6 35. Kf3 a4 36. Bc3 Ke6 37. g4 b5 38. g5 b4 39. f5+ Kf7 40. g6+ Kf6 41. Be1 Kg5 42. Bd2+ Kxh5 43. Bc2 b3 44. Bd1 Kh4 45. axb3 axb3 46. Be1+ Kg5 47. Ba5 Kf6 48. Bd8+ Be7 49. Ba5 b2 50. Bc2 Ba2 51. Kg4 b1Q 52. Bxb1 Bxb1 53. Be1 h5+ 54. Kxh5 Bxe4 55. Bh4+ Kxf5 56. Bxe7 Bf3+ 57. Kh4 Kxg6 58. Kg3 Bc6 59. Kg4 Kf7 60. Bd8 Ke6 61. Bb6 Be4 62. Ba5 Kd5 63. Bc3 Bh1 64. Kf5 Be4+ 65. Kg4 g6 66. Bb2 Bc2 67. Bc3 Bf5+ 68. Kg5 e4 69. Kf4 Kc4 70. Ba5 1/2-1/2

[Event "Belt and Road Hunan op-A"]
[Site "Changsha"]
[Date "2019.08.04"]
[Round "7"]
[White "Lin, Weiguo"]
[Black "Munkhgal, Gombosuren"]
[Result "0-1"]
[WhiteElo "2408"]
[BlackElo "2442"]
[PlyCount "74"]
[EventDate "2019.07.29"]
[EventType "swiss"]
[EventRounds "9"]
[EventCountry "CHN"]
[SourceTitle "CBM 191 Extra"]
[Source "ChessBase"]
[SourceDate "2019.09.30"]
[SourceVersion "1"]
[SourceVersionDate "2019.09.30"]
[SourceQuality "1"]

1. d4 e6 2. c4 Nf6 3. Nf3 d5 4. e3 a6 5. Nc3 Be7 6. b3 b6 7. Bd3 Bb7 8. 0-0 0-0 9. Bb2 Nbd7 10. Qe2 Ne4 11. Bxe4 dxe4 12. Nd2 f5 13. f3 exf3 14. Nxf3 Nf6 15. Rad1 Qe8 16. d5 Bc5 17. dxe6 Ng4 18. Nd4 Qg6 19. g3 Rae8 20. Nd5 Bd6 21. b4 c5 22. bxc5 bxc5 23. Ba3 Bc8 24. e7 Bxe7 25. Nb3 Bg5 26. Bxc5 Rf7 27. Nf4 Bxf4 28. Rxf4 Bb7 29. Rd6 Qh5 30. Nd4 Be4 31. Rxa6 h6 32. Rb6 Bd3 33. Qd2 Rxe3 34. Nf3 Qh3 35. Qg2 Qxg2+ 36. Kxg2 Re2+ 37. Kg1 Be4 0-1

[Event "Belt and Road Hunan op-A"]
[Site "Changsha"]
[Date "2019.08.01"]
[Round "4"]
[White "Taher, Yoseph Theolifus"]
[Black "Lin, Weiguo"]
[Result "1-0"]
[WhiteElo "2460"]
[BlackElo "2408"]
[PlyCount "91"]
[EventDate "2019.07.29"]
[EventType "swiss"]
[EventRounds "9"]
[EventCountry "CHN"]
[SourceTitle "CBM 191 Extra"]
[Source "ChessBase"]
[SourceDate "2019.09.30"]
[SourceVersion "1"]
[SourceVersionDate "2019.09.30"]
[SourceQuality "1"]

1. e4 c5 2. Nc3 e6 3. f4 Nc6 4. Nf3 d5 5. Bb5 d4 6. Bxc6+ bxc6 7. Ne2 Nf6 8. d3 Be7 9. b3 0-0 10. 0-0 a5 11. a4 Nd7 12. Bd2 f5 13. Ng3 Qc7 14. Qe2 Nf6 15. Rae1 Bd8 16. Ne5 Ra7 17. Qf3 Ra6 18. Re2 Nd7 19. Nc4 g6 20. Nh1 Nf6 21. Nf2 Ne8 22. Rfe1 Nd6 23. exf5 exf5 24. Bc1 Bf6 25. Ba3 Nb7 26. g3 Ra8 27. Kg2 Bd7 28. h4 Rae8 29. Bc1 Rxe2 30. Rxe2 Re8 31. Rxe8+ Bxe8 32. Bd2 Bf7 33. Qe2 Qd8 34. Nh3 h6 35. Ng1 Bd5+ 36. Nf3 Kg7 37. Kf2 Qc7 38. Nfe5 Qd8 39. Qe1 g5 40. Nxa5 gxf4 41. Nxb7 Qe7 42. Bxf4 Qxb7 43. Qd2 Kh7 44. Qe2 Qg7 45. Qh5 Be6 46. Nf3 1-0

[Event "Belt and Road Hunan op-A"]
[Site "Changsha"]
[Date "2019.07.31"]
[Round "3"]
[White "Xiang, Zeyu"]
[Black "Lin, Weiguo"]
[Result "1/2-1/2"]
[WhiteElo "2447"]
[BlackElo "2408"]
[PlyCount "189"]
[EventDate "2019.07.29"]
[EventType "swiss"]
[EventRounds "9"]
[EventCountry "CHN"]
[SourceTitle "CBM 191 Extra"]
[Source "ChessBase"]
[SourceDate "2019.09.30"]
[SourceVersion "1"]
[SourceVersionDate "2019.09.30"]
[SourceQuality "1"]

1. d4 d5 2. c4 c6 3. cxd5 cxd5 4. Bf4 Nc6 5. e3 Nf6 6. Nc3 e6 7. Bd3 Bd6 8. Nf3 Bxf4 9. exf4 0-0 10. 0-0 Qb6 11. Na4 Qc7 12. Ne5 Nxd4 13. Bxh7+ Nxh7 14. Qxd4 f6 15. Nd3 Rd8 16. Rac1 Qd6 17. Nc3 Nf8 18. Rfd1 Bd7 19. f5 Bc6 20. fxe6 Nxe6 21. Qg4 d4 22. Ne4 Bxe4 23. Qxe4 Qd5 24. Re1 Qxe4 25. Rxe4 Rd6 26. Kf1 Rad8 27. Ke1 Kf7 28. Kd2 Rh8 29. h3 b6 30. Rc2 g5 31. Re1 Rg8 32. Rec1 Ke7 33. Rc8 Rdd8 34. Rxd8 Rxd8 35. Rh1 Rh8 36. g3 Kf7 37. h4 gxh4 38. gxh4 Kg6 39. b4 Kf5 40. h5 Rh6 41. b5 Ng7 42. Rh4 Ne6 43. a4 Kg5 44. Re4 Kf5 45. Re1 Rh7 46. Rh1 Ng5 47. h6 Ne4+ 48. Ke2 Re7 49. Kf3 Ng5+ 50. Kg3 Rc7 51. Rh4 Ne4+ 52. Kg2 Ng5 53. Rxd4 Rh7 54. Nb4 Rxh6 55. Nc6 Rh7 56. Kf1 Nf3 57. Rd6 Ne5 58. Nd4+ Ke4 59. Ne2 Nd7 60. Rc6 f5 61. Ng3+ Kf3 62. Rc3+ Kg4 63. Kg2 Nc5 64. a5 Rd7 65. Ne2 f4 66. Rc4 Ne6 67. a6 Rd2 68. Nc3 Nd4 69. Ne4 Rd1 70. Rb4 Kf5 71. Nd6+ Kg4 72. Nc4 Kf5 73. Nxb6 axb6 74. a7 Ra1 75. Rxd4 Rxa7 76. Rd6 Ra3 77. Rxb6 Rb3 78. Rb8 Ke6 79. b6 Kd7 80. b7 Kc6 81. f3 Kc7 82. Rf8 Kxb7 83. Rxf4 Kc7 84. Rd4 Rb8 85. f4 Rd8 86. Re4 Kd7 87. Kf3 Re8 88. Ra4 Ke7 89. Kg4 Rb8 90. Ra7+ Kf6 91. Ra6+ Kf7 92. Kg5 Rb1 93. Ra7+ Kf8 94. f5 Rb6 95. f6 1/2-1/2

[Event "CHN-chTB"]
[Site "Harbin"]
[Date "2016.07.13"]
[Round "6.1"]
[White "Lin, Weiguo"]
[Black "Zhang, Ziji"]
[Result "1/2-1/2"]
[WhiteElo "2416"]
[BlackElo "2313"]
[PlyCount "126"]
[EventDate "2016.07.11"]
[EventType "team-swiss"]
[EventRounds "11"]
[EventCountry "CHN"]
[SourceTitle "CBM 173 Extra"]
[Source "ChessBase"]
[SourceDate "2016.08.29"]
[SourceVersion "1"]
[SourceVersionDate "2016.08.29"]
[SourceQuality "1"]
[WhiteTeam "Sichuan Airlines"]
[BlackTeam "Hebei Ticai"]
[WhiteTeamCountry "CHN"]
[BlackTeamCountry "CHN"]

1. d4 d5 2. c4 c6 3. Nf3 Nf6 4. e3 Bf5 5. cxd5 cxd5 6. Qb3 Qc7 7. Bd2 e6 8. Bb5+ Nbd7 9. 0-0 a6 10. Rc1 Qb6 11. Bxd7+ Nxd7 12. Nc3 Bd6 13. Na4 Qxb3 14. axb3 Ke7 15. Nc5 Bxc5 16. dxc5 Nb8 17. Nd4 Nc6 18. Nxf5+ exf5 19. Bc3 f6 20. Rd1 Rad8 21. f3 Rd7 22. Kf2 Rhd8 23. Ra4 Ke6 24. h3 h5 25. Kg3 Rc8 26. Kf2 Ne7 27. Bd4 Nc6 28. Bc3 Ne7 29. Bd4 Nc6 30. Bc3 Na7 31. b4 Nb5 32. Raa1 Rcd8 33. c6 Rd6 34. cxb7 Rb8 35. Bd4 Nxd4 36. Rxd4 Rxb7 37. Ke2 Rdb6 38. Kd3 Rc6 39. Ra3 Ke5 40. Rc3 Rcb6 41. Ra3 Rxb4 42. f4+ Kd6 43. Rxb4 Rxb4 44. Rxa6+ Kc5 45. Ra5+ Kd6 46. Kc3 Rc4+ 47. Kd3 Rb4 48. Ra7 Rxb2 49. Rxg7 h4 50. Rh7 Rxg2 51. Rxh4 Rg7 52. Rh8 Ke6 53. Re8+ Kf7 54. Rh8 Kg6 55. Kd4 Rd7 56. Ra8 Rh7 57. Rg8+ Kf7 58. Rg3 Ke6 59. Kd3 Rh4 60. Rf3 Kd6 61. Ke2 Kc5 62. Rg3 d4 63. Kd3 dxe3 1/2-1/2

[Event "CHN-chTB"]
[Site "Harbin"]
[Date "2016.07.12"]
[Round "3.1"]
[White "Pang, Tao"]
[Black "Lin, Weiguo"]
[Result "1/2-1/2"]
[WhiteElo "2127"]
[BlackElo "2416"]
[PlyCount "81"]
[EventDate "2016.07.11"]
[EventType "team-swiss"]
[EventRounds "11"]
[EventCountry "CHN"]
[SourceTitle "CBM 173 Extra"]
[Source "ChessBase"]
[SourceDate "2016.08.29"]
[SourceVersion "1"]
[SourceVersionDate "2016.08.29"]
[SourceQuality "1"]
[WhiteTeam "Qingdao Qingwei"]
[BlackTeam "Sichuan Airlines"]
[WhiteTeamCountry "CHN"]
[BlackTeamCountry "CHN"]

1. Nf3 d5 2. d4 Nf6 3. c4 e6 4. e3 Be7 5. Bd3 0-0 6. 0-0 c5 7. Nc3 Nc6 8. cxd5 exd5 9. dxc5 Bxc5 10. h3 a6 11. b3 Be6 12. Bb2 Rc8 13. Ne2 Qe7 14. Ned4 Nb4 15. Bb1 Ne4 16. a3 Nc6 17. Nxe6 Qxe6 18. b4 Ba7 19. Ba2 Nxf2 20. Rxf2 Qxe3 21. Qe1 Qxf2+ 22. Qxf2 Bxf2+ 23. Kxf2 Nxb4 24. Bb1 Nc2 25. Ra2 Rfe8 26. Bxg7 Nxa3 27. Bf5 Rc4 28. Bf6 Nb5 29. Bd7 Rb8 30. Bxb5 axb5 31. Rd2 Rc6 32. Bh4 Rbc8 33. Rxd5 Rc2+ 34. Nd2 b4 35. Be7 f6 36. Bxb4 Rb2 37. Rd4 b5 38. Ke3 Kg7 39. Kd3 Ra2 40. Rd5 Rca8 41. Rxb5 1/2-1/2

[Event "CHN-chT"]
[Site "China"]
[Date "2013.11.14"]
[Round "18.3"]
[White "Ma, Qun"]
[Black "Lin, Weiguo"]
[Result "1/2-1/2"]
[WhiteElo "2559"]
[BlackElo "2454"]
[PlyCount "65"]
[EventDate "2013.04.30"]
[EventType "team-tourn"]
[EventRounds "22"]
[EventCountry "CHN"]
[SourceTitle "EXT 2015"]
[Source "ChessBase"]
[SourceDate "2014.11.20"]
[SourceVersion "1"]
[SourceVersionDate "2014.11.20"]
[SourceQuality "1"]
[WhiteTeam "Tianjin"]
[BlackTeam "Hubei"]
[WhiteTeamCountry "CHN"]
[BlackTeamCountry "CHN"]

1. e4 c5 2. Nf3 d6 3. d4 cxd4 4. Nxd4 Nf6 5. Nc3 a6 6. Be3 e5 7. Nf3 Qc7 8. a4 Be7 9. a5 Be6 10. Be2 h6 11. 0-0 Nbd7 12. Nd2 0-0 13. Bf3 b5 14. axb6 Nxb6 15. Be2 a5 16. Bxb6 Qxb6 17. Nc4 Bxc4 18. Bxc4 Qxb2 19. Qd3 Qb6 20. Rfb1 Qc7 21. Nd5 Nxd5 22. Qxd5 Ra7 23. Rb5 Bd8 24. Rab1 a4 25. Rb7 Rxb7 26. Rxb7 Qa5 27. Qxa5 Bxa5 28. Ra7 Bb6 29. Rxa4 Rc8 30. Bb3 Bc5 31. Bd5 g6 32. Ra8 Rxa8 33. Bxa8 1/2-1/2

[Event "CHN-chT"]
[Site "China"]
[Date "2013.11.12"]
[Round "16.4"]
[White "Wang, Yiye"]
[Black "Lin, Weiguo"]
[Result "1/2-1/2"]
[WhiteElo "2245"]
[BlackElo "2454"]
[PlyCount "60"]
[EventDate "2013.04.30"]
[EventType "team-tourn"]
[EventRounds "22"]
[EventCountry "CHN"]
[SourceTitle "EXT 2015"]
[Source "ChessBase"]
[SourceDate "2014.11.20"]
[SourceVersion "1"]
[SourceVersionDate "2014.11.20"]
[SourceQuality "1"]
[WhiteTeam "Qinhuangdao"]
[BlackTeam "Hubei"]
[WhiteTeamCountry "CHN"]
[BlackTeamCountry "CHN"]

1. e4 c5 2. Nf3 d6 3. Bb5+ Bd7 4. Bxd7+ Nxd7 5. 0-0 Ngf6 6. Re1 e6 7. b3 Be7 8. Bb2 0-0 9. d4 cxd4 10. Nxd4 a6 11. c4 Qc7 12. Nc3 Rfe8 13. Qd3 Ne5 14. Qe2 Nc6 15. Rad1 Nxd4 16. Rxd4 Qc6 17. Red1 b5 18. cxb5 axb5 19. Qxb5 Qxb5 20. Nxb5 Rxa2 21. Ba3 d5 22. Bxe7 Rxe7 23. exd5 Nxd5 24. Nc3 Rb2 25. Nxd5 exd5 26. Rxd5 g6 27. R5d3 Rb7 28. g3 R7xb3 29. Rxb3 Rxb3 30. h4 h5 1/2-1/2

[Event "All China Games 4th"]
[Site "Hefei"]
[Date "2010.05.18"]
[Round "5"]
[White "Lin, Weiguo"]
[Black "Hou, Yifan"]
[Result "1/2-1/2"]
[WhiteElo "2440"]
[BlackElo "2589"]
[PlyCount "125"]
[EventDate "2010.05.17"]
[EventType "swiss (rapid)"]
[EventRounds "11"]
[EventCountry "CHN"]
[SourceTitle "CBM 136 Extra"]
[Source "ChessBase"]
[SourceDate "2010.07.02"]
[SourceVersion "2"]
[SourceVersionDate "2010.07.15"]
[SourceQuality "1"]

1. c4 e6 2. Nc3 d5 3. d4 Bb4 4. a3 Bxc3+ 5. bxc3 c6 6. e3 Nf6 7. Bd3 0-0 8. Nf3 b6 9. 0-0 Ba6 10. Nd2 Nbd7 11. a4 Re8 12. a5 Qc8 13. Qc2 e5 14. Rd1 c5 15. cxd5 cxd4 16. Bxa6 Qxa6 17. cxd4 exd4 18. Qc4 Qxc4 19. Nxc4 Nxd5 20. Rxd4 N5f6 21. Ba3 bxa5 22. Nxa5 Ne5 23. h3 h5 24. Bd6 Rac8 25. Nb7 Rc2 26. Rb1 Nc4 27. Bc5 Ne4 28. Bxa7 Na3 29. Rb3 Rc1+ 30. Kh2 Nc2 31. Rxe4 Rxe4 32. Nd6 Ra4 33. Rb8+ Kh7 34. Rb7 h4 35. Nxf7 Raa1 36. g4 Rh1+ 37. Kg2 Rhg1+ 38. Kf3 Rgb1 39. Rc7 Rc1 40. Re7 Ra2 41. Kf4 Ra4+ 42. e4 Ra6 43. g5 Nb4 44. Be3 Rc8 45. Ne5 Ra4 46. g6+ Kg8 47. Kg5 Nc2 48. Ng4 Kf8 49. Rf7+ Kg8 50. Re7 Kf8 51. Rf7+ Kg8 52. Bf4 Nd4 53. Be5 Ne6+ 54. Kxh4 Rxe4 55. Re7 Rc6 56. f4 Kf8 57. Rf7+ Ke8 58. Bxg7 Nxf4 59. Nf6+ Rxf6 60. Rxf6 Ne6+ 61. Kg3 Nxg7 62. Rf7 Re7 63. Rxe7+ 1/2-1/2

[Event "All China Games 3rd"]
[Site "Suzhou"]
[Date "2006.05.22"]
[Round "5"]
[White "Zhang, Jilin"]
[Black "Lin, Weiguo"]
[Result "0-1"]
[WhiteElo "2294"]
[BlackElo "2448"]
[PlyCount "52"]
[EventDate "2006.05.20"]
[EventType "swiss"]
[EventRounds "11"]
[EventCountry "CHN"]
[SourceTitle "CBM 112 Extra"]
[Source "ChessBase"]
[SourceDate "2006.07.14"]
[SourceVersion "1"]
[SourceVersionDate "2006.07.14"]
[SourceQuality "1"]

1. e4 Nc6 2. d4 e5 3. Nf3 exd4 4. Nxd4 Nf6 5. Nxc6 bxc6 6. e5 Qe7 7. Qe2 Nd5 8. c4 Nb6 9. b3 a5 10. Bb2 a4 11. Nc3 Qe6 12. Qe3 Bb4 13. Rd1 0-0 14. Be2 axb3 15. axb3 d5 16. 0-0 dxc4 17. Ne4 Ra2 18. Bc3 Bxc3 19. Nxc3 Ra5 20. Bxc4 Nxc4 21. bxc4 Rxe5 22. Qa7 Qxc4 23. Qxc7 Qxc3 24. Rc1 Qa5 25. Qxc6 g6 26. h3 Qd5 0-1